| 000 | 01014nam a2200241Ia 4500 | ||
|---|---|---|---|
| 008 | 0000002012 usad 0000000000eng00 | ||
| 020 | _a9780615583174 | ||
| 090 | _aPUS00 F27p | ||
| 100 | 1 |
_aFerguson, MaX _d1959 |
|
| 245 | 1 | 0 |
_aPainting my father _c/ Max Ferguson ; introduction by Gail Levin ; curador by Laura Kruger |
| 300 |
_a40 p. _c/ 22 cm. |
||
| 500 | _aExposición realizada en Hebrew Union College, Jewish Institute of Religion Museum de Nueva York entre abril y junio de 2012 \ Incluye cronología artística \ Texto en inglés | ||
| 600 | 0 | 0 |
_a FERGUSON, MAX, 1959/ _xTRABAJOS PICTORICOS |
| 650 | 1 | 4 | _a PINTURA ESTADOUNIDENSE |
| 650 | 1 | 4 | _aARTE CONTEMPORANEO ESTADOUNIDENSE |
| 650 | 1 | 4 | _aARTISTAS PLASTICOS ESTADOUNIDENSES |
| 650 | 1 | 4 | _xCATALOGOS |
| 650 | 1 | 4 | _xEXPOSICIONES |
| 650 | 1 | 4 | _aPINTURA DE RETRATOS |
| 650 | 1 | 4 | _aREALISMO (ARTE) |
| 700 | 1 | _aLevin, Gail \ ; Kruger, Laura | |
| 999 |
_c14230 _d14230 |
||
| 260 |
_aNew York : Hebrew Union College, Jewish Institute of Religion Museum _c2012 |
||